<?xml version="1.0" encoding="UTF-8"?>
<record
    xmlns:xsi="http://www.w3.org/2001/XMLSchema-instance"
    xsi:schemaLocation="http://www.loc.gov/MARC21/slim http://www.loc.gov/standards/marcxml/schema/MARC21slim.xsd"
    xmlns="http://www.loc.gov/MARC21/slim">

  <leader>01421nam a22002057a 4500</leader>
  <controlfield tag="008">121123t        xxu||||| |||| 00| 0 eng d</controlfield>
  <datafield tag="020" ind1=" " ind2=" ">
    <subfield code="a">185941849</subfield>
  </datafield>
  <datafield tag="050" ind1=" " ind2=" ">
    <subfield code="a">KD8329.6.H86</subfield>
  </datafield>
  <datafield tag="100" ind1=" " ind2=" ">
    <subfield code="a">Hungerford-Welch, Peter.</subfield>
  </datafield>
  <datafield tag="245" ind1=" " ind2=" ">
    <subfield code="a">Criminal litigation and sentenceing. /</subfield>
    <subfield code="c">Peter Hungerford-Welch</subfield>
  </datafield>
  <datafield tag="250" ind1=" " ind2=" ">
    <subfield code="a">6th ed.</subfield>
  </datafield>
  <datafield tag="260" ind1=" " ind2=" ">
    <subfield code="a">London:</subfield>
    <subfield code="b">Cavendish Publishing Ltd,</subfield>
    <subfield code="c">2004.</subfield>
  </datafield>
  <datafield tag="300" ind1=" " ind2=" ">
    <subfield code="a">lxvii,779 p.:</subfield>
    <subfield code="b">ill.;</subfield>
    <subfield code="c">24cm.</subfield>
  </datafield>
  <datafield tag="500" ind1=" " ind2=" ">
    <subfield code="a">Includes index.</subfield>
  </datafield>
  <datafield tag="505" ind1=" " ind2=" ">
    <subfield code="a">Contents: Preliminaries -- Bail -- Classification and allocation of offences -- Summary trial -- Juvenile offenders - the youth court -- Appeals from magistrates' courts and youth courts -- Disclosure the criminal procedure and investigations ACT 1996 -- Transferring cases to the crown court for trail -- Indictments -- Trial on indictment: Preliminaries -- Crown court trial - the course of the trial -- Appeals from the crown court -- Representation orders and costs -- Sentencing procedure and principles -- Offenders over 21: Custodial sentences -- Offenders over 16: Community sentences -- Fines, discharges and binding over to keep the peace -- Young offenders: Non- custodial sentences -- Ancillary orders -- Sources and theoretical perspective.</subfield>
  </datafield>
  <datafield tag="650" ind1=" " ind2=" ">
    <subfield code="a">Criminal justice,</subfield>
    <subfield code="b"> Administration of </subfield>
    <subfield code="v"> England.</subfield>
  </datafield>
  <datafield tag="650" ind1=" " ind2=" ">
    <subfield code="a">Sentences (Criminal procedure)</subfield>
    <subfield code="v">  England.</subfield>
  </datafield>
  <datafield tag="650" ind1=" " ind2=" ">
    <subfield code="a">Criminal justice,</subfield>
    <subfield code="b"> Administration of</subfield>
    <subfield code="v">Wales.</subfield>
  </datafield>
  <datafield tag="942" ind1=" " ind2=" ">
    <subfield code="2">lcc</subfield>
    <subfield code="c">BK</subfield>
  </datafield>
  <datafield tag="999" ind1=" " ind2=" ">
    <subfield code="c">2575</subfield>
    <subfield code="d">10075</subfield>
  </datafield>
  <datafield tag="952" ind1=" " ind2=" ">
    <subfield code="0">0</subfield>
    <subfield code="1">0</subfield>
    <subfield code="2">lcc</subfield>
    <subfield code="4">0</subfield>
    <subfield code="7">0</subfield>
    <subfield code="a">WIUC-1</subfield>
    <subfield code="b">WIUC-1</subfield>
    <subfield code="c">REF</subfield>
    <subfield code="d">2012-11-23</subfield>
    <subfield code="l">0</subfield>
    <subfield code="o">KD8329.6.H86</subfield>
    <subfield code="p">6518/12</subfield>
    <subfield code="r">2012-11-23 00:00:00</subfield>
    <subfield code="t">1</subfield>
    <subfield code="w">2012-11-23</subfield>
    <subfield code="y">BK</subfield>
  </datafield>
</record>
